The handbook of international corporate governance : (Record no. 3123)

MARC details
000 -LEADER
fixed length control field 00936cam a2200217 a 4500
020 ## - INTERNATIONAL STANDARD BOOK NUMBER
ISBN 9780749455088
020 ## - INTERNATIONAL STANDARD BOOK NUMBER
ISBN 074945508X
050 00 - CALL NUMBER
Classification number HD2741
Item number .H26
245 04 - TITLE
Title The handbook of international corporate governance :
Remainder of title a definitive guide.
250 ## - EDITION
Edition statement 2nd ed.
260 ## - PUBLICATION INFORMATION
Place of publication London ;
-- Philadelphia :
Name of publisher Kogan Page,
Year of publication 2009.
300 ## - DESCRIPTION
Number of Pages xvii, 510 p. :
Other physical details ill. ;
Dimensions 24 cm.
500 ## - NOTES
General note An Institute of Directors publication.
500 ## - NOTES
General note Includes index.
505 ## - FORMATTED CONTENTS NOTE
Table of Content Part 1: Models and Codes <br/>Part 2: Shareholder Rights <br/>Part 3: Board Effectiveness<br/> Part 4: Control and Disclosure <br/>Part 5: Directors<br/>Part 6: Profiles of Corporate Governance in Leading Countries Part 7: Regions; Useful Organizations; Contributors' Contact Details; Index.
650 #0 - SUBJECTS
Topical Term Corporate governance
650 #0 - SUBJECTS
Topical Term Corporate governance
General subdivision Law and legislation
650 #0 - SUBJECTS
Topical Term Comparative management.
710 2# - OTHER AUTHORS
OTHER AUTHORS Institute of Directors.
942 ## - ADDED ENTRY ELEMENTS (KOHA)
Koha item type Books
Holdings
Withdrawn status Lost status Home library Current library Shelving location Date acquired Full call number Accession Number Koha item type
    Methodist University Library Tema Methodist University Library Tema Reference 02/12/2014 HD2741 .H26 1069 Books
Copyright © 2026  MUG Library